<?xml version="1.0" encoding="UTF-8"?><?xml-stylesheet type="text/xsl" href="static/style.xsl"?><OAI-PMH xmlns="http://www.openarchives.org/OAI/2.0/" xmlns:xsi="http://www.w3.org/2001/XMLSchema-instance" xsi:schemaLocation="http://www.openarchives.org/OAI/2.0/ http://www.openarchives.org/OAI/2.0/OAI-PMH.xsd"><responseDate>2026-04-17T05:57:19Z</responseDate><request verb="GetRecord" identifier="oai:www.recercat.cat:11351/11545" metadataPrefix="marc">https://recercat.cat/oai/request</request><GetRecord><record><header><identifier>oai:recercat.cat:11351/11545</identifier><datestamp>2025-10-24T10:41:47Z</datestamp><setSpec>com_2072_378070</setSpec><setSpec>com_2072_378040</setSpec><setSpec>col_2072_378092</setSpec></header><metadata><record xmlns="http://www.loc.gov/MARC21/slim" xmlns:dcterms="http://purl.org/dc/terms/" xmlns:xsi="http://www.w3.org/2001/XMLSchema-instance" xmlns:doc="http://www.lyncode.com/xoai" xsi:schemaLocation="http://www.loc.gov/MARC21/slim http://www.loc.gov/standards/marcxml/schema/MARC21slim.xsd">
   <leader>00925njm 22002777a 4500</leader>
   <datafield ind2=" " ind1=" " tag="042">
      <subfield code="a">dc</subfield>
   </datafield>
   <datafield ind2=" " ind1=" " tag="720">
      <subfield code="a">Szaflarski, Jerzy</subfield>
      <subfield code="e">author</subfield>
   </datafield>
   <datafield ind2=" " ind1=" " tag="720">
      <subfield code="a">Besson, Hervé</subfield>
      <subfield code="e">author</subfield>
   </datafield>
   <datafield ind2=" " ind1=" " tag="720">
      <subfield code="a">Klein, Pavel</subfield>
      <subfield code="e">author</subfield>
   </datafield>
   <datafield ind2=" " ind1=" " tag="720">
      <subfield code="a">JAVIER, SALAS-PUIG</subfield>
      <subfield code="e">author</subfield>
   </datafield>
   <datafield ind2=" " ind1=" " tag="720">
      <subfield code="a">D'Souza, Wendyl</subfield>
      <subfield code="e">author</subfield>
   </datafield>
   <datafield ind2=" " ind1=" " tag="720">
      <subfield code="a">Faught, Edward</subfield>
      <subfield code="e">author</subfield>
   </datafield>
   <datafield ind2=" " ind1=" " tag="260">
      <subfield code="c">2024-06-04T10:58:02Z</subfield>
   </datafield>
   <datafield ind2=" " ind1=" " tag="260">
      <subfield code="c">2024-06-04T10:58:02Z</subfield>
   </datafield>
   <datafield ind2=" " ind1=" " tag="260">
      <subfield code="c">2024-06</subfield>
   </datafield>
   <datafield ind2=" " ind1=" " tag="520">
      <subfield code="a">Comorbidity; Effectiveness; Tolerability</subfield>
   </datafield>
   <datafield ind2=" " ind1=" " tag="520">
      <subfield code="a">Comorbilitat; Eficàcia; Tolerabilitat</subfield>
   </datafield>
   <datafield ind2=" " ind1=" " tag="520">
      <subfield code="a">Comorbilidad; Eficacia; Tolerabilidad</subfield>
   </datafield>
   <datafield ind2=" " ind1=" " tag="520">
      <subfield code="a">Objective&#xd;
To assess the effectiveness and tolerability of brivaracetam (BRV) in adults with epilepsy by specific comorbidities and epilepsy etiologies.&#xd;
Methods&#xd;
EXPERIENCE/EPD332 was a pooled analysis of individual patient records from several non-interventional studies of patients with epilepsy initiating BRV in clinical practice. Outcomes included ≥ 50% reduction from baseline in seizure frequency, seizure freedom (no seizures within prior 3 months), continuous seizure freedom (no seizures since baseline), BRV discontinuation, and treatment-emergent adverse events (TEAEs) at 3, 6, and 12 months. Analyses were performed for all adult patients (≥ 16 years of age) and stratified by comorbidity and by etiology at baseline (patients with cognitive/learning disability [CLD], psychiatric comorbidity, post-stroke epilepsy, brain tumor−related epilepsy [BTRE], and traumatic brain injury−related epilepsy [TBIE]).&#xd;
Results&#xd;
At 12 months, ≥ 50% seizure reduction was achieved in 35.6% (n = 264), 38.7% (n = 310), 41.7% (n = 24), 34.1% (n = 41), and 50.0% (n = 28) of patients with CLD, psychiatric comorbidity, post-stroke epilepsy, BTRE, and TBIE, respectively; and continuous seizure freedom was achieved in 5.7% (n = 318), 13.7% (n = 424), 29.4% (n = 34), 11.4% (n = 44), and 13.8% (n = 29), respectively. During the study follow-up, in patients with CLD, psychiatric comorbidity, post-stroke epilepsy, BTRE, and TBIE, 37.1% (n = 403), 30.7% (n = 605), 33.3% (n = 51), 39.7% (n = 68), and 27.1% (n = 49) of patients discontinued BRV, respectively; and TEAEs since prior visit at 12 months were reported in 11.3% (n = 283), 10.0% (n = 410), 16.7% (n = 36), 12.5% (n = 48), and 3.0% (n = 33), respectively.&#xd;
Conclusions&#xd;
BRV as prescribed in the real world is effective and well tolerated among patients with CLD, psychiatric comorbidity, post-stroke epilepsy, BTRE, and TBIE.</subfield>
   </datafield>
   <datafield ind1="8" ind2=" " tag="024">
      <subfield code="a">http://hdl.handle.net/11351/11545</subfield>
   </datafield>
   <datafield tag="653" ind2=" " ind1=" ">
      <subfield code="a">Avaluació de resultats (Assistència sanitària)</subfield>
   </datafield>
   <datafield tag="653" ind2=" " ind1=" ">
      <subfield code="a">Epilèpsia - Tractament</subfield>
   </datafield>
   <datafield tag="653" ind2=" " ind1=" ">
      <subfield code="a">Anticonvulsius - Ús terapèutic</subfield>
   </datafield>
   <datafield tag="653" ind2=" " ind1=" ">
      <subfield code="a">ANALYTICAL, DIAGNOSTIC AND THERAPEUTIC TECHNIQUES, AND EQUIPMENT::Diagnosis::Prognosis::Treatment Outcome</subfield>
   </datafield>
   <datafield tag="653" ind2=" " ind1=" ">
      <subfield code="a">DISEASES::Nervous System Diseases::Central Nervous System Diseases::Brain Diseases::Epilepsy</subfield>
   </datafield>
   <datafield tag="653" ind2=" " ind1=" ">
      <subfield code="a">Other subheadings::Other subheadings::Other subheadings::/drug therapy</subfield>
   </datafield>
   <datafield tag="653" ind2=" " ind1=" ">
      <subfield code="a">CHEMICALS AND DRUGS::Chemical Actions and Uses::Pharmacologic Actions::Therapeutic Uses::Central Nervous System Agents::Anticonvulsants</subfield>
   </datafield>
   <datafield tag="653" ind2=" " ind1=" ">
      <subfield code="a">Other subheadings::Other subheadings::/therapeutic use</subfield>
   </datafield>
   <datafield tag="653" ind2=" " ind1=" ">
      <subfield code="a">TÉCNICAS Y EQUIPOS ANALÍTICOS, DIAGNÓSTICOS Y TERAPÉUTICOS::diagnóstico::pronóstico::resultado del tratamiento</subfield>
   </datafield>
   <datafield tag="653" ind2=" " ind1=" ">
      <subfield code="a">ENFERMEDADES::enfermedades del sistema nervioso::enfermedades del sistema nervioso central::enfermedades cerebrales::epilepsia</subfield>
   </datafield>
   <datafield tag="653" ind2=" " ind1=" ">
      <subfield code="a">Otros calificadores::Otros calificadores::Otros calificadores::/farmacoterapia</subfield>
   </datafield>
   <datafield tag="653" ind2=" " ind1=" ">
      <subfield code="a">COMPUESTOS QUÍMICOS Y DROGAS::acciones y usos químicos::acciones farmacológicas::usos terapéuticos::fármacos del sistema nervioso central::anticonvulsivantes</subfield>
   </datafield>
   <datafield tag="653" ind2=" " ind1=" ">
      <subfield code="a">Otros calificadores::Otros calificadores::/uso terapéutico</subfield>
   </datafield>
   <datafield ind2="0" ind1="0" tag="245">
      <subfield code="a">Effectiveness and tolerability of brivaracetam in patients with epilepsy stratified by comorbidities and etiology in the real world: 12-month subgroup data from the international EXPERIENCE pooled analysis</subfield>
   </datafield>
</record></metadata></record></GetRecord></OAI-PMH>